000 00719nam a2200229Ia 4500
003 OSt
005 20251218160807.0
008 210210b2011 xxu||||| |||| 00| 0 eng d
040 _cAL
041 _aKannada
082 _aK894.201 SHIN
100 _aSHIVAPRAKASH (H S)
_dಶಿವಪ್ರಕಾಶ್ (ಎಚ್ ಎಸ್)
_9249483
245 _aNatakagalu indinavareghe 1985-2000
_b ನಾಟಕಗಳು ಇಂದಿನವರೆಗೆ 1985-2000
260 _aBengaLUru
_bKannada Pustaka Pradhikara
_c2011
300 _axiv,716
650 _aNATakagaLu
_9249484
650 _aindinavareghe
_9249485
650 _a1985-2000
_9249486
690 _aKannada Drama
_9249487
906 _a067327
942 _2ddc
_cBK
999 _c149691
_d149691